Представление документа в формате MARC21

ПолеНазваниеЗначение
  Тип записи a
  Библиографический уровень m
001 Контрольный номер RU/URAIT/585893
005 Дата корректировки 20260429163713.9
008 Кодируемые данные 260429s2026 RU y f j 000 0 rus u
020 Индекс ISBN __
a ISBN 978-5-534-10700-5
c Цена, тираж 1159.00
040 Источник каталогиз. __
a Служба первич. каталог. ИКО Юрайт
c Служба, преобразующая запись ИКО Юрайт
e Правила каталог. RCR
041 Код языка издания __
a Код языка текста rus
044 Код страны публикации __
a Код страны публикации RU
080 Индекс УДК __
a Индекс УДК 502(075.8)
084 Индекс другой классификации/Индекс ББК __
2 Источник индекса rubbk
a Индекс другой классификации/Индекс ББК 20.1я73
100 Автор __
a Автор Родионов А. И.
q Полное имя Родионов Анатолий Иванович
245 Заглавие __
a Заглавие Технологические процессы экологической безопасности. Атмосфера
b Продолж. заглавия учебник для вузов
c Ответственность А. И. Родионов, В. Н. Клушин, В. Г. Систер.
250 Сведения об издании __
g испр. и доп
a Основные сведения об издании 5-е изд.
256 Характеристики компьютерного файла __
a Характеристики компьютерного файла Электрон. дан.
260 Выходные данные __
a Место издания Москва
b Издательство Юрайт
c Дата издания 2026
300 Физическое описание __
a Объем 201 с
440 Серия __
a Серия Высшее образование
500 Примечания __
a Примечание URL: https://urait.ru/bcode/585893 (дата обращения: 29.04.2026).
520 Аннотация __
a Аннотация В настоящем учебнике изучаются вопросы экологической безопасности атмосферы. Рассматриваются методы и технологические процессы очистки газов от аэрозолей, газообразных и парообразных загрязнений. Вопросы для повторения в конце каждой главы помогут закрепить полученные знания.
538 Прим. о системных особенностях __
a Прим. о системных особенностях Режим доступа: Электронно-библиотечная система Юрайт, для авториз. пользователей
653 Ключевые слова __
a Ключевые слова Экология
653 Ключевые слова __
a Ключевые слова Естественные науки
653 Ключевые слова __
a Ключевые слова Процессы и аппараты защиты окружающей среды
653 Ключевые слова __
a Ключевые слова Очистка и рекуперация промышленных выбросов
653 Ключевые слова __
a Ключевые слова Процессы и аппараты защиты атмосферы
653 Ключевые слова __
a Ключевые слова Термодинамика подземной гидросферы и граничной атмосферы
653 Ключевые слова __
a Ключевые слова Процессы защиты атмосферы
653 Ключевые слова __
a Ключевые слова Инженерные методы защиты атмосферы
653 Ключевые слова __
a Ключевые слова Современные технологии защиты атмосферы
653 Ключевые слова __
a Ключевые слова Технологии защиты атмосферы и гидросферы
653 Ключевые слова __
a Ключевые слова Атмосфера промышленного предприятия. Методы анализа и очистки
653 Ключевые слова __
a Ключевые слова Атмосфера. Методы анализа и очистки от вредных веществ
653 Ключевые слова __
a Ключевые слова Распространение химических элементов в атмосфере и гидросфере
653 Ключевые слова __
a Ключевые слова Каталитические процессы и их применение в экологии
653 Ключевые слова __
a Ключевые слова Технология очистки природных и сточных вод
653 Ключевые слова __
a Ключевые слова Защита атмосферы
653 Ключевые слова __
a Ключевые слова Защита атмосферы от техногенных воздействий
653 Ключевые слова __
a Ключевые слова Мониторинг и методы контроля атмосферы
653 Ключевые слова __
a Ключевые слова Инженерные мероприятия по защите атмосферы
653 Ключевые слова __
a Ключевые слова Техника и технология защиты атмосферы
653 Ключевые слова __
a Ключевые слова Технологии защиты атмосферы
653 Ключевые слова __
a Ключевые слова Применение радиоактивных газов и аэрозолей в науках об окружающей среде
653 Ключевые слова __
a Ключевые слова Оптимизация технологических процессов по экологическим показателям
653 Ключевые слова __
a Ключевые слова Основные процессы извлечения газообразных примесей
653 Ключевые слова __
a Ключевые слова Очистка и рекуперация промышленных выбросов в химической переработке древесины
700 Другие авторы __
a Другие авторы Клушин В. Н.
q Полное имя Клушин Виталий Николаевич
700 Другие авторы __
a Другие авторы Систер В. Г.
q Полное имя Систер Владимир Григорьевич
856 Электронный адрес документа 40
n Местонахождение сервера Юрайт
g Электронная книга
q Тип электронного формата html
h Имя пользователя ЮРАЙТ
v Часы доступа к ресурсу 20271231
2 Способ доступа Показать документ
x Служебное примечание https://urait.ru/book/cover/FAAB490D-F2FF-439A-BEDF-25FE149901C3
u URL https://urait.ru/bcode/585893
856 Электронный адрес документа 48
q Тип электронного формата cover
u URL https://urait.ru/book/cover/FAAB490D-F2FF-439A-BEDF-25FE149901C3
911 __
u 0030=https://urait.ru/bcode/585893
911 __
u 073a=9785534107005
u 073d=1159.00
911 __
u 106a=s
911 __
u 900l=
952 Тип литературы __
i Дисциплина Процессы и аппараты защиты окружающей среды
952 Тип литературы __
i Дисциплина Очистка и рекуперация промышленных выбросов
952 Тип литературы __
i Дисциплина Процессы и аппараты защиты атмосферы
952 Тип литературы __
i Дисциплина Термодинамика подземной гидросферы и граничной атмосферы
952 Тип литературы __
i Дисциплина Процессы защиты атмосферы
952 Тип литературы __
i Дисциплина Инженерные методы защиты атмосферы
952 Тип литературы __
i Дисциплина Современные технологии защиты атмосферы
952 Тип литературы __
i Дисциплина Технологии защиты атмосферы и гидросферы
952 Тип литературы __
i Дисциплина Атмосфера промышленного предприятия. Методы анализа и очистки
952 Тип литературы __
i Дисциплина Атмосфера. Методы анализа и очистки от вредных веществ
952 Тип литературы __
i Дисциплина Распространение химических элементов в атмосфере и гидросфере
952 Тип литературы __
i Дисциплина Каталитические процессы и их применение в экологии
952 Тип литературы __
i Дисциплина Технология очистки природных и сточных вод
952 Тип литературы __
i Дисциплина Защита атмосферы
952 Тип литературы __
i Дисциплина Защита атмосферы от техногенных воздействий
952 Тип литературы __
i Дисциплина Мониторинг и методы контроля атмосферы
952 Тип литературы __
i Дисциплина Инженерные мероприятия по защите атмосферы
952 Тип литературы __
i Дисциплина Техника и технология защиты атмосферы
952 Тип литературы __
i Дисциплина Технологии защиты атмосферы
952 Тип литературы __
i Дисциплина Применение радиоактивных газов и аэрозолей в науках об окружающей среде
952 Тип литературы __
i Дисциплина Оптимизация технологических процессов по экологическим показателям
952 Тип литературы __
i Дисциплина Основные процессы извлечения газообразных примесей
952 Тип литературы __
i Дисциплина Очистка и рекуперация промышленных выбросов в химической переработке древесины